[Event "Bergens SK Vårturnering 2024"]
[Site "Bergens Schakklub"]
[Date "2024.01.09"]
[Round "1"]
[White "Flaten, Siver"]
[Black "Wright, Haakon"]
[Result "1/2-1/2"]
[WhiteElo "1770"]
[BlackElo "1870"]
[PlyCount "82"]
[EventDate "2024.??.??"]

1. e4 c6 2. Nf3 d5 3. Nc3 dxe4 4. Nxe4 Nf6 5. Nxf6+ exf6 6. d4 Bd6 7. Bd3 O-O
8. O-O Re8 9. c3 Nd7 10. Qc2 Nf8 11. Bd2 Bg4 12. Nh4 g6 13. h3 f5 14. Nxg6 hxg6
15. hxg4 Qh4 16. g3 Qxg4 17. Qd1 Qh3 18. Qf3 Ne6 19. Qg2 Qg4 20. f4 Kg7 21. Be2
Nxf4 22. Bxg4 Nxg2 23. Kxg2 fxg4 24. Rae1 f5 25. c4 Kf7 26. c5 Bc7 27. Rh1 Rxe1
28. Bxe1 Kg7 29. Bc3 Bd8 30. d5+ Bf6 31. Bxf6+ Kxf6 32. d6 b6 33. b4 bxc5 34.
bxc5 Rb8 35. Rd1 g5 36. Rd4 Ke5 37. Rd2 f4 38. Kf2 Rh8 39. Kg2 Ke4 40. d7 Rd8
41. Rd6 Ke5
1/2-1/2

[Event "Bergens SK Vårturnering 2024"]
[Site "Bergens Schakklub"]
[Date "2024.01.09"]
[Round "1"]
[White "Bjarnason, Snorri Vikanes"]
[Black "Wiger-Nordås, Baltazar"]
[Result "0-1"]
[WhiteElo "1929"]
[BlackElo "1698"]
[PlyCount "80"]
[EventDate "2024.??.??"]

1. Nf3 b6 2. e4 Bb7 3. Nc3 e6 4. d4 g6 5. Bd3 Bg7 6. h4 Nc6 7. Bf4 Nxd4 8. Nxd4
Bxd4 9. Nb5 e5 10. Nxd4 exf4 11. Qe2 Qe7 12. Nb5 d6 13. O-O-O a6 14. Nd4 Nf6
15. Qd2 Nh5 16. Be2 Qf6 17. Bxh5 gxh5 18. f3 O-O-O 19. Nf5 Rhg8 20. Qxf4 Rxg2
21. Rhg1 Rg6 22. Rg5 Kb8 23. Qg3 Rdg8 24. Rg1 Bc8 25. Ne3 h6 26. Rxg6 Rxg6 27.
Qf2 Rxg1+ 28. Qxg1 Qxf3 29. b3 Qxe4 30. Qf2 f5 31. Ng2 Bb7 32. Nf4 Qf3 33. Qd4
Qh1+ 34. Kb2 Qxh4 35. Qh8+ Ka7 36. Qxh6 Qf2 37. Nxh5 Be4 38. Qc1 Qh2 39. Nf4 d5
40. Ne6 Qe5+
0-1

[Event "Bergens SK Vårturnering 2024"]
[Site "Bergens Schakklub"]
[Date "2024.01.09"]
[Round "1"]
[White "Selbekk, Vebjørn"]
[Black "Wiger-Nordås, Felix"]
[Result "1/2-1/2"]
[WhiteElo "1931"]
[BlackElo "1860"]
[PlyCount "83"]
[EventDate "2024.??.??"]

1. d4 d5 2. c4 e6 3. Nc3 Nf6 4. cxd5 exd5 5. Bg5 Be7 6. e3 O-O 7. Bd3 c6 8. Nf3
h6 9. Bh4 Qb6 10. Qc2 Na6 11. a3 Be6 12. O-O Rac8 13. b4 Qd8 14. Bxa6 bxa6 15.
Ne5 Nd7 16. Bxe7 Qxe7 17. Nxd7 Bxd7 18. Qe2 a5 19. bxa5 c5 20. Nxd5 Qd6 21. Nf4
g5 22. dxc5 Rxc5 23. Rfd1 Qe7 24. Nd5 Qe5 25. Nb4 Rxa5 26. Rac1 Be8 27. Nc6
Bxc6 28. Rxc6 Kg7 29. Qd3 Rb8 30. g3 Rb2 31. Ra6 Rbb5 32. Rxa5 Rxa5 33. Kg2 Qb2
34. Qd4+ Qxd4 35. Rxd4 Rxa3 36. Kf3 a5 37. g4 Ra1 38. Ke4 a4 39. f4 gxf4 40.
exf4 Rh1 41. Rxa4 Rxh2 42. Kf5
1/2-1/2

[Event "Bergens SK Vårturnering 2024"]
[Site "Bergens Schakklub"]
[Date "2024.01.09"]
[Round "1"]
[White "Christoffersen, Odd"]
[Black "Larsen, Stig Børje"]
[Result "0-1"]
[WhiteElo "1709"]
[BlackElo "1785"]
[PlyCount "118"]
[EventDate "2024.??.??"]

1. e4 c5 2. Nf3 e6 3. g3 Nc6 4. Bg2 Nge7 5. O-O Ng6 6. c3 Be7 7. d4 O-O 8. Be3
Qb6 9. Qd2 d5 10. exd5 exd5 11. dxc5 Bxc5 12. Bxc5 Qxc5 13. Na3 Bf5 14. Nd4
Nxd4 15. cxd4 Qd6 16. Rac1 Bd7 17. Nc2 Rac8 18. Qa5 Ne7 19. Ne3 b6 20. Qd2 Be6
21. Rxc8 Rxc8 22. Rc1 Qd7 23. Rxc8+ Qxc8 24. Qc2 Qxc2 25. Nxc2 Kf8 26. Kf1 Ke8
27. Ke1 Kd7 28. Kd2 Nc8 29. Ne3 Kd6 30. Bf1 Ne7 31. Bd3 h6 32. Kc3 g5 33. f4 f5
34. b4 gxf4 35. gxf4 Ng6 36. Ng2 Ke7 37. a4 Nh8 38. a5 Nf7 39. axb6 axb6 40.
Be2 Nd6 41. Kd2 Bd7 42. Bd1 Ne4+ 43. Ke1 Bb5 44. Ne3 Ke6 45. Bb3 Bc6 46. Nc2
Nd6 47. Kf2 Bb5 48. Ne3 Ne4+ 49. Ke1 Bc6 50. Nc2 Nf6 51. Kf2 Ng4+ 52. Kg3 Bb5
53. h3 Nf6 54. Ne3 Bd3 55. Bc2 Nh5+ 56. Kf3 Be4+ 57. Bxe4 dxe4+ 58. Kf2 Nxf4
59. h4 Nd3+
0-1

[Event "Bergens SK Vårturnering 2024"]
[Site "Bergens Schakklub"]
[Date "2024.01.16"]
[Round "2"]
[White "Wright, Haakon"]
[Black "Selbekk, Vebjørn"]
[Result "1-0"]
[WhiteElo "1870"]
[BlackElo "1931"]
[PlyCount "93"]
[EventDate "2024.??.??"]

1. c4 d6 2. g3 c5 3. Bg2 Nc6 4. Nc3 g6 5. Nf3 Bg7 6. O-O Nf6 7. d4 cxd4 8. Nxd4
Nxd4 9. Qxd4 O-O 10. Qd3 a6 11. Rd1 Qc7 12. Bg5 Be6 13. Rac1 h6 14. Bxf6 Bxf6
15. b3 Rac8 16. Ne4 Bg7 17. c5 d5 18. Nd2 Rfd8 19. b4 Bb2 20. Rb1 Bf6 21. Qa3
Qe5 22. e4 Qc3 23. Qa5 d4 24. e5 Bxe5 25. Bxb7 Bc7 26. Qxa6 Rb8 27. Ne4 Qf3 28.
Bc6 Rxb4 29. Nf6+ Qxf6 30. Rxb4 Bd5 31. Rbxd4 Bxc6 32. Rxd8+ Bxd8 33. Rxd8+ Kh7
34. Qd3 Qa1+ 35. Qd1 Qxa2 36. h4 Qe6 37. Kh2 Qf5 38. Qd4 e5 39. Qe3 Bd7 40.
Rxd7 Qxd7 41. Qxe5 Qc6 42. Qd6 Qf3 43. Qf4 Qb3 44. c6 Kg7 45. Qe5+ Kf8 46. c7
Qc2 47. c8=Q+
1-0

[Event "Bergens SK Vårturnering 2024"]
[Site "Bergens Schakklub"]
[Date "2024.01.16"]
[Round "2"]
[White "Larsen, Stig Børje"]
[Black "Flaten, Siver"]
[Result "1/2-1/2"]
[WhiteElo "1785"]
[BlackElo "1770"]
[PlyCount "119"]
[EventDate "2024.??.??"]

1. d4 d5 2. Nc3 Nf6 3. Bf4 c5 4. e3 c4 5. Be2 Qb6 6. Rb1 e6 7. Nf3 Bb4 8. Nd2
Qa5 9. O-O O-O 10. f3 Nc6 11. Qc1 Bxc3 12. bxc3 Qxc3 13. Rf2 Nh5 14. Bg5 h6 15.
g4 hxg5 16. gxh5 Qxe3 17. c3 e5 18. dxe5 Bf5 19. Nf1 Qxc1 20. Rxc1 Nxe5 21. Ne3
Bd3 22. f4 gxf4 23. Nxd5 Bxe2 24. Rxe2 Nd3 25. Rf1 Rfe8 26. Rg2 f3 27. Rxf3 Ne1
28. Nf6+ Kh8 29. Nxe8 Nxf3+ 30. Kf2 Rxe8 31. Kxf3 Re5 32. Rd2 Rxh5 33. Ke4 Rh3
34. Rd7 Rxh2 35. Rxb7 Rxa2 36. Rxf7 Kh7 37. Rc7 Ra4 38. Kf4 Kh6 39. Kg4 a5 40.
Rc6+ g6 41. Rc7 Ra1 42. Rxc4 a4 43. Kg3 a3 44. Ra4 g5 45. Ra6+ Kh5 46. c4 g4
47. c5 Rh1 48. Kg2 Rh3 49. c6 Rc3 50. c7 Rc2+ 51. Kg3 Rc3+ 52. Kg2 Kh4 53. Rh6+
Kg5 54. Ra6 Rxc7 55. Rxa3 Kh4 56. Ra2 Rc4 57. Rb2 Rc3 58. Ra2 Rc4 59. Rb2 g3
60. Ra2
1/2-1/2

[Event "Bergens SK Vårturnering 2024"]
[Site "Bergens Schakklub"]
[Date "2024.01.16"]
[Round "2"]
[White "Solli, Jarle"]
[Black "Bjarnason, Snorri Vikanes"]
[Result "0-1"]
[WhiteElo "1789"]
[BlackElo "1929"]
[PlyCount "108"]
[EventDate "2024.??.??"]

1. e4 e5 2. Nf3 Nc6 3. d4 exd4 4. Nxd4 Nf6 5. Bg5 Bc5 6. c3 Qe7 7. f3 d5 8.
Nxc6 bxc6 9. Nd2 O-O 10. Qa4 Bd7 11. O-O-O h6 12. Bxf6 Qxf6 13. Nb3 Bd6 14. Bd3
Rfd8 15. Qa5 Qg5+ 16. Kb1 Qxg2 17. exd5 Bxh2 18. Nd4 Rab8 19. b3 Be8 20. dxc6
g6 21. Rhe1 Qf2 22. Re2 Qg3 23. Qa3 Bg1 24. Be4 Bxd4 25. cxd4 f5 26. Bd3 Bf7
27. Qxa7 Qxf3 28. Qxc7 Rdc8 29. Qh2 Qxc6 30. Rc2 Qf3 31. Qd2 Bd5 32. Rdc1 Re8
33. Bc4 Bxc4 34. Rxc4 Re2 35. Qc3 Qe4+ 36. Rc2 Re8 37. Kb2 f4 38. Rc8 Rxc2+ 39.
Qxc2 Qxd4+ 40. Kc1 Rxc8 41. Qxc8+ Kf7 42. Qb7+ Kf6 43. Qf3 Qa1+ 44. Kc2 Qxa2+
45. Kc3 Qa5+ 46. Kc4 Qa6+ 47. Kc3 g5 48. Qd5 Qe6 49. Qd8+ Kf5 50. b4 Qf6+ 51.
Qd4 Qxd4+ 52. Kxd4 Ke6 53. Kc5 f3 54. b5 f2
0-1

[Event "Bergens SK Vårturnering 2024"]
[Site "Bergens Schakklub"]
[Date "2024.01.16"]
[Round "2"]
[White "Wiger-Nordås, Felix"]
[Black "Fossheim, Yngve Götestam"]
[Result "0-1"]
[WhiteElo "1860"]
[BlackElo "2124"]
[PlyCount "98"]
[EventDate "2024.??.??"]

1. Nc3 c5 2. e4 Nc6 3. f4 g6 4. Nf3 Bg7 5. Bb5 Nd4 6. Nxd4 cxd4 7. Ne2 Qb6 8.
Bd3 d5 9. Ng3 dxe4 10. Bxe4 Nf6 11. d3 O-O 12. Bf3 Be6 13. O-O Rac8 14. Kh1 Rc7
15. b3 Rfc8 16. Rf2 Bd5 17. f5 Bxf3 18. Qxf3 Qc6 19. fxg6 fxg6 20. Qe2 Nd5 21.
Bf4 e5 22. Bd2 Qxc2 23. Qf3 Qc6 24. Rc1 Nc3 25. Qxc6 Rxc6 26. Rcf1 Nxa2 27. Rf7
R6c7 28. Rxc7 Rxc7 29. Ra1 Rc2 30. Ne4 a6 31. h4 Nc3 32. Bxc3 dxc3 33. Ra5 Rc1+
34. Kh2 Bh6 35. Rc5 c2 36. Rc7 Be3 37. g4 b6 38. Rc4 b5 39. Rc7 a5 40. Nf6+ Kf8
41. Nd5 Bd4 42. h5 gxh5 43. gxh5 b4 44. h6 Bc3 45. Rd7 Rf1 46. Rxh7 c1=Q 47.
Ne7 Qf4+ 48. Kg2 Qf3+ 49. Kh2 Rh1#
0-1

[Event "Bergens SK Vårturnering 2024"]
[Site "Bergens Schakklub"]
[Date "2024.01.23"]
[Round "3"]
[White "Fossheim, Yngve Götestam"]
[Black "Wright, Haakon"]
[Result "1-0"]
[WhiteElo "2124"]
[BlackElo "1870"]
[PlyCount "64"]
[EventDate "2024.??.??"]

1. e4 c6 2. d4 d5 3. exd5 cxd5 4. c4 Nf6 5. Nc3 Nc6 6. Nf3 Bg4 7. cxd5 Nxd5 8.
Be2 e6 9. O-O Be7 10. Qb3 Bxf3 11. Bxf3 O-O 12. Nxd5 exd5 13. Be3 Bf6 14. Rfd1
Qd7 15. Qxd5 Rfd8 16. Qxd7 Rxd7 17. Bxc6 bxc6 18. Rac1 Rc8 19. b3 h6 20. Kf1
Kf8 21. d5 a6 22. Rd2 Rdc7 23. Rdc2 c5 24. Rxc5 Rxc5 25. Rxc5 Rxc5 26. Bxc5+
Ke8 27. b4 Kd7 28. Ke2 Bc3 29. Kd3 Be1 30. f3 a5 31. bxa5 Bxa5 32. Bf8 Bc7
1-0

[Event "Bergens SK Vårturnering 2024"]
[Site "Bergens Schakklub"]
[Date "2024.01.23"]
[Round "3"]
[White "Flaten, Siver"]
[Black "Christoffersen, Odd"]
[Result "1/2-1/2"]
[WhiteElo "1770"]
[BlackElo "1709"]
[PlyCount "102"]
[EventDate "2024.??.??"]

1. e4 e5 2. Nf3 Nf6 3. d4 Nxe4 4. Bd3 d5 5. Nxe5 Be7 6. c4 Nf6 7. Nc3 c6 8. O-O
Be6 9. Qb3 Qb6 10. Bf4 dxc4 11. Nxc4 Qxb3 12. axb3 Nbd7 13. Rfe1 O-O 14. Nd6
Bxd6 15. Bxd6 Rfe8 16. b4 a6 17. Na4 Nd5 18. f4 f6 19. Nc5 Nxc5 20. bxc5 Bf7
21. Kf2 Nb4 22. Re3 Rxe3 23. Kxe3 Re8+ 24. Kd2 Nxd3 25. Kxd3 Bd5 26. g3 Kf7 27.
Kd2 Re4 28. Ra4 Kg6 29. Rb4 h5 30. Kd3 Kf5 31. h3 Re1 32. Rxb7 g6 33. Ra7 Rg1
34. g4+ hxg4 35. hxg4+ Kxg4 36. Rxa6 Kf3 37. Ra7 Rd1+ 38. Kc3 Rc1+ 39. Kd2 Rb1
40. Rb7 Ke4 41. Kc2 Rg1 42. Rb4 Rg2+ 43. Kd1 Ke3 44. Be7 f5 45. Bd6 Be4 46.
Rb3+ Kxd4 47. Rc3 Rxb2 48. Rg3 Rb1+ 49. Kd2 Rb2+ 50. Kd1 Rb1+ 51. Kd2 Rb2+
1/2-1/2

[Event "Bergens SK Vårturnering 2024"]
[Site "Bergens Schakklub"]
[Date "2024.01.23"]
[Round "3"]
[White "Agustsson, Hafsteinn"]
[Black "Bjarnason, Snorri Vikanes"]
[Result "0-1"]
[WhiteElo "1769"]
[BlackElo "1929"]
[PlyCount "40"]
[EventDate "2024.??.??"]

1. e4 e6 2. d4 d5 3. Nc3 Bb4 4. e5 c5 5. Qg4 Ne7 6. Qxg7 Rg8 7. Qxh7 cxd4 8. a3
Qa5 9. axb4 Qxa1 10. Nce2 Nbc6 11. Nf3 d3 12. Qxd3 Nxb4 13. Qh7 Rg6 14. Qh8+
Ng8 15. Nh4 Qa5 16. Kd1 Rg4 17. h3 Qa4 18. Qh7 Rg7 19. Nc3 Rxh7 20. Nxa4 Rxh4
0-1

[Event "Bergens SK Vårturnering 2024"]
[Site "Bergens Schakklub"]
[Date "2024.01.23"]
[Round "3"]
[White "Selbekk, Vebjørn"]
[Black "Solli, Jarle"]
[Result "1-0"]
[WhiteElo "1931"]
[BlackElo "1789"]
[PlyCount "61"]
[EventDate "2024.??.??"]

1. Nf3 d6 2. e4 Nf6 3. d3 Nbd7 4. g3 e5 5. Bg2 c6 6. O-O Be7 7. c4 h6 8. Nc3
Nf8 9. d4 Qc7 10. h3 g5 11. h4 Bg4 12. dxe5 dxe5 13. hxg5 hxg5 14. Bxg5 N8d7
15. Re1 Rh5 16. Be3 O-O-O 17. Qa4 b6 18. Qa6+ Kb8 19. a4 Bc5 20. a5 Bxe3 21.
Rxe3 Nc5 22. axb6 Qxb6 23. Qa3 Ka8 24. b4 Ne6 25. c5 Qc7 26. b5 Rd7 27. b6 Qb8
28. bxa7 Qc8 29. Na4 Nd5 30. exd5 Nxc5 31. Qxc5
1-0

[Event "Bergens SK Vårturnering 2024"]
[Site "Bergens Schakklub"]
[Date "2024.01.23"]
[Round "3"]
[White "Leirvåg, Simen"]
[Black "Larsen, Stig Børje"]
[Result "1-0"]
[WhiteElo "1804"]
[BlackElo "1785"]
[PlyCount "103"]
[EventDate "2024.??.??"]

1. e4 c6 2. Nf3 d5 3. Nc3 e6 4. d4 Bb4 5. Bd3 dxe4 6. Bxe4 Nf6 7. Bg5 Nbd7 8.
O-O Qa5 9. Bd2 Nxe4 10. Nxe4 Bxd2 11. Nd6+ Ke7 12. Nxc8+ Raxc8 13. Nxd2 Nf6 14.
Nb3 Qd5 15. Qd2 Rhd8 16. Qb4+ Qd6 17. Qxb7+ Rc7 18. Qa6 Rb8 19. c4 Rb6 20. Qa5
Qb4 21. Qe5 Ne8 22. c5 Rbb7 23. f4 a5 24. Rab1 a4 25. Nc1 Rd7 26. Ne2 Qc4 27.
a3 Rd5 28. Qe3 Rb3 29. Qf2 Nf6 30. Rbc1 Qd3 31. Rfd1 Qf5 32. Nc3 Rd8 33. Nxa4
Ng4 34. Qd2 Ne3 35. Re1 Rd3 36. Qf2 Ng4 37. Qh4+ f6 38. h3 Ne3 39. Qg3 Qe4 40.
Nc3 Qxd4 41. Qxg7+ Ke8 42. Qg8+ Kd7 43. Qxh7+ Kc8 44. Kh1 f5 45. Qf7 Qxf4 46.
Qxe6+ Kc7 47. Ne2 Qf2 48. Qe5+ Kb7 49. Nf4 Rg8 50. Re2 Qh4 51. Nxd3 Nxg2 52.
Qe7+
1-0

[Event "Bergens SK Vårturnering 2024"]
[Site "Bergens Schakklub"]
[Date "2024.02.05"]
[Round "4"]
[White "Wright, Haakon"]
[Black "Myny, Sigur H"]
[Result "1-0"]
[WhiteElo "1870"]
[BlackElo "1830"]
[PlyCount "85"]
[EventDate "2024.??.??"]

1. c4 c5 2. g3 g6 3. Bg2 Bg7 4. Nc3 Nc6 5. Nf3 e5 6. O-O Nge7 7. e3 O-O 8. d4
exd4 9. exd4 cxd4 10. Nb5 d5 11. Bf4 Bg4 12. cxd5 Nxd5 13. Bd6 Re8 14. Qb3 Be6
15. Bh3 a6 16. Bxe6 fxe6 17. Nc7 Nxc7 18. Bxc7 Qxc7 19. Ng5 Qe7 20. f4 Qb4 21.
Qf3 Rad8 22. Rfe1 Qd6 23. f5 exf5 24. Qb3+ Qd5 25. Rxe8+ Bf8 26. Rxd8 Qxb3 27.
Rxf8+ Kxf8 28. axb3 Ke7 29. Nxh7 Kd6 30. Kf2 Kc5 31. Nf8 Kb4 32. Re1 Kxb3 33.
Re2 d3 34. Rd2 Ne5 35. h4 a5 36. Nxg6 Nxg6 37. h5 Ne5 38. Ke3 Nc4+ 39. Kxd3
Nxd2 40. Kxd2 Kxb2 41. h6 a4 42. h7 a3 43. h8=Q+
1-0

[Event "Bergens SK Vårturnering 2024"]
[Site "Bergens Schakklub"]
[Date "2024.01.30"]
[Round "4"]
[White "Texe, Eirik"]
[Black "Flaten, Siver"]
[Result "1-0"]
[WhiteElo "1748"]
[BlackElo "1770"]
[PlyCount "51"]
[EventDate "2024.??.??"]

1. e4 c5 2. Nf3 d6 3. Bb5+ Bd7 4. c4 Nf6 5. Nc3 g6 6. e5 dxe5 7. Nxe5 Bxb5 8.
Nxb5 Bg7 9. Qf3 Nbd7 10. Qxb7 Nxe5 11. Nc7+ Kd7 12. Nb5+ Ke6 13. Nc7+ Kf5 14.
O-O Qd7 15. d4 cxd4 16. f3 Nd3 17. g4+ Ke5 18. f4+ Kd6 19. c5+ Nxc5 20. Nb5+
Ke6 21. f5+ gxf5 22. gxf5+ Ke5 23. Bf4+ Kxf5 24. Qf3 Qxb5 25. Bc7+ Ke6 26. Qf5#
1-0

[Event "Bergens SK Vårturnering 2024"]
[Site "Bergens Schakklub"]
[Date "2024.01.30"]
[Round "4"]
[White "Bjarnason, Snorri Vikanes"]
[Black "Leirvåg, Simen"]
[Result "1-0"]
[WhiteElo "1929"]
[BlackElo "1804"]
[PlyCount "61"]
[EventDate "2024.??.??"]

1. e4 c5 2. Nf3 d6 3. Nc3 Nf6 4. Be2 Nc6 5. d4 cxd4 6. Nxd4 a6 7. O-O e5 8.
Nxc6 bxc6 9. Qd3 d5 10. Qg3 Bd6 11. Qxg7 Rg8 12. Qh6 Rg6 13. Qh4 d4 14. Nb1 Be7
15. Na3 Be6 16. Nc4 Nxe4 17. Qxh7 Nf6 18. Qh4 Qd5 19. f3 Qc5 20. b4 Qa7 21. Rf2
Bxc4 22. Bxc4 Ng4 23. Qh8+ Kd7 24. Qh3 d3 25. fxg4 Qd4 26. Qxd3 Qxd3 27. cxd3
Bxb4 28. Rxf7+ Ke8 29. h3 Rb8 30. Be3 Bc3 31. Raf1
1-0

[Event "Bergens SK Vårturnering 2024"]
[Site "Bergens Schakklub"]
[Date "2024.01.30"]
[Round "4"]
[White "Larsen, Stig Børje"]
[Black "Selbekk, Vebjørn"]
[Result "0-1"]
[WhiteElo "1785"]
[BlackElo "1931"]
[PlyCount "84"]
[EventDate "2024.??.??"]

1. d4 d6 2. Nc3 Nf6 3. Bf4 g6 4. e4 Bg7 5. Qd2 c6 6. Bh6 Bxh6 7. Qxh6 Qa5 8.
Bd3 Na6 9. Nge2 Nb4 10. Qd2 Nxd3+ 11. Qxd3 d5 12. f3 dxe4 13. fxe4 Qg5 14. Qg3
Qxg3+ 15. Nxg3 Be6 16. O-O-O O-O-O 17. h3 h5 18. e5 Nd5 19. Nge4 h4 20. Rd2 Rh5
21. Rf1 Ne3 22. Rf3 Nf5 23. Nc5 Bc4 24. Rf4 b6 25. Nb3 a5 26. Na4 Kc7 27. c3
Rg5 28. Kb1 Bb5 29. d5 Rxd5 30. Rxd5 cxd5 31. Nc1 Rxg2 32. b3 Rg3 33. Nb2 Rxc3
34. a4 Ba6 35. b4 axb4 36. Rxb4 Rxh3 37. Nb3 Rh1+ 38. Ka2 h3 39. Nd4 Nxd4 40.
Rxd4 g5 41. Nd1 Rf1 42. Ne3 h2
0-1

[Event "Bergens SK Vårturnering 2024"]
[Site "Bergens Schakklub"]
[Date "2024.01.30"]
[Round "4"]
[White "Christoffersen, Odd"]
[Black "Agustsson, Hafsteinn"]
[Result "1/2-1/2"]
[WhiteElo "1709"]
[BlackElo "1769"]
[PlyCount "42"]
[EventDate "2024.??.??"]

1. e4 c5 2. Nf3 Nc6 3. Bb5 g6 4. O-O Bg7 5. Re1 e6 6. Bxc6 dxc6 7. d3 e5 8. Be3
b6 9. a4 Ne7 10. Na3 Ba6 11. a5 O-O 12. b3 f5 13. axb6 axb6 14. Bg5 Qc7 15.
Bxe7 Qxe7 16. Nc4 Bxc4 17. Rxa8 Rxa8 18. bxc4 b5 19. cxb5 cxb5 20. Qb1 b4 21.
Qb2 Ra3
1/2-1/2

[Event "Bergens SK Vårturnering 2024"]
[Site "Bergens Schakklub"]
[Date "2024.02.06"]
[Round "5"]
[White "Texe, Eirik"]
[Black "Wright, Haakon"]
[Result "1-0"]
[WhiteElo "1748"]
[BlackElo "1870"]
[PlyCount "105"]
[EventDate "2024.??.??"]

1. e4 c6 2. d4 d5 3. e5 c5 4. dxc5 Nc6 5. a3 Bf5 6. Bb5 e6 7. b4 a5 8. Bb2 axb4
9. axb4 Rxa1 10. Bxa1 Qh4 11. Qd4 Qxd4 12. Bxd4 Bxc2 13. Na3 Bg6 14. Bxc6+ bxc6
15. Nf3 Nh6 16. Kd2 Be7 17. Ra1 Kd7 18. Nc2 Rb8 19. Ra7+ Kd8 20. Bc3 Ng4 21.
Ncd4 Rc8 22. Ke2 Be4 23. Nb3 f6 24. Nfd4 Nxe5 25. Nxe6+ Ke8 26. Bxe5 fxe5 27.
f3 Bc2 28. Nxg7+ Kf8 29. Na5 d4 30. f4 d3+ 31. Kd2 e4 32. Ne6+ Ke8 33. Nc7+ Kf8
34. Nxc6 Bf6 35. Ne5 Kg8 36. b5 Be7 37. Ne6 Bb3 38. Rxe7 Bxe6 39. Rxe6 Rxc5 40.
Nxd3 exd3 41. b6 Kf7 42. Rd6 Rc2+ 43. Kxd3 Rxg2 44. Kc3 Rg1 45. Kc4 Ke7 46. Rh6
Rc1+ 47. Kd5 Rd1+ 48. Ke5 Re1+ 49. Kf5 Rb1 50. b7 Rb5+ 51. Kg4 Kf8 52. Rxh7 Kg8
53. Rc7
1-0

[Event "Bergens SK Vårturnering 2024"]
[Site "Bergens Schakklub"]
[Date "2024.02.06"]
[Round "5"]
[White "Myny, Sigur H"]
[Black "Flaten, Siver"]
[Result "1-0"]
[WhiteElo "1830"]
[BlackElo "1770"]
[PlyCount "93"]
[EventDate "2024.??.??"]

1. Nf3 Nf6 2. g3 g6 3. Bg2 Bg7 4. O-O O-O 5. c4 c5 6. Nc3 Nc6 7. d3 d6 8. h3 e5
9. Ne1 Be6 10. Bg5 h6 11. Bxf6 Bxf6 12. a3 Bg7 13. Nc2 f5 14. Nd5 f4 15. g4 h5
16. gxh5 f3 17. exf3 Qh4 18. Kh2 e4 19. dxe4 Be5+ 20. f4 Rxf4 21. Kg1 Rg4 22.
Nce3 Rxg2+ 23. Nxg2 Qxh3 24. Ndf4 Bxf4 25. Nxf4 Qh4 26. Nxe6 Re8 27. Qf3 Rxe6
28. Qg3 Qxh5 29. f3 Re5 30. Kf2 Qh6 31. Rad1 Nd4 32. Rh1 Qg7 33. Rhg1 Re6 34.
Qg4 Rf6 35. Rg3 Nc6 36. Qc8+ Qf8 37. Qxf8+ Kxf8 38. Ke3 Na5 39. Rc1 Nb3 40. Rc2
Nd4 41. Rcg2 Kf7 42. Rh2 Kg7 43. Rgh3 Kf7 44. Rh7+ Kg8 45. Rh8+ Kf7 46. R2h7+
Ke6 47. Re8#
1-0

[Event "Bergens SK Vårturnering 2024"]
[Site "Bergens Schakklub"]
[Date "2024.02.06"]
[Round "5"]
[White "Fossheim, Yngve Götestam"]
[Black "Bjarnason, Snorri Vikanes"]
[Result "1-0"]
[WhiteElo "2124"]
[BlackElo "1929"]
[PlyCount "97"]
[EventDate "2024.??.??"]

1. e4 e5 2. Nf3 Nc6 3. Bb5 f5 4. Bxc6 bxc6 5. Nxe5 Qf6 6. d4 fxe4 7. O-O d6 8.
Nxc6 Qg6 9. Qe2 Bd7 10. d5 Nf6 11. c4 Bxc6 12. dxc6 Be7 13. Nc3 O-O 14. b4 Rae8
15. h3 Bd8 16. b5 Re5 17. Bf4 Rf5 18. Bg3 Rg5 19. Rad1 h5 20. h4 Rg4 21. Rd4
Re8 22. Nd1 Rxg3 23. fxg3 Qxg3 24. Qf2 Qe5 25. Nc3 Ng4 26. Qf7+ Kh8 27. Qxe8+
Qxe8 28. Rxe4 Ne5 29. c5 dxc5 30. Nd5 Bf6 31. Nxc7 Qd8 32. Ne6 Qb6 33. c7 Qxe6
34. Rxe5 Bxe5 35. Rf8+ Kh7 36. c8=Q Bd4+ 37. Kh2 Qd6+ 38. Kh3 g6 39. Rf7+ Bg7
40. Qd7 Qe5 41. Rxg7+ Qxg7 42. Qxg7+ Kxg7 43. Kg3 Kf6 44. Kf4 Ke6 45. Ke4 Kd6
46. a4 Ke6 47. a5 Kd6 48. a6 c4 49. b6
1-0

[Event "Bergens SK Vårturnering 2024"]
[Site "Bergens Schakklub"]
[Date "2024.02.06"]
[Round "5"]
[White "Wiger-Nordås, Felix"]
[Black "Larsen, Stig Børje"]
[Result "1-0"]
[WhiteElo "1860"]
[BlackElo "1785"]
[PlyCount "57"]
[EventDate "2024.??.??"]

1. e4 c6 2. d4 d5 3. Nc3 dxe4 4. Nxe4 Nf6 5. Nxf6+ exf6 6. Nf3 Bd6 7. Bd3 Be6
8. Be3 Na6 9. Bxa6 Qa5+ 10. Nd2 Qxa6 11. Ne4 Rd8 12. Nxd6+ Rxd6 13. f3 O-O 14.
Kf2 c5 15. c3 Rfd8 16. Qc2 cxd4 17. Bxd4 Qc6 18. Rhc1 b6 19. Kg1 Qd7 20. Rd1 h5
21. Qf2 g5 22. h4 Qb5 23. Re1 Qf5 24. hxg5 Qxg5 25. Re4 Kh7 26. Rh4 Rd5 27. Re1
f5 28. f4 Qh6 29. Qf3
1-0

[Event "Bergens SK Vårturnering 2024"]
[Site "Bergens Schakklub"]
[Date "2024.02.06"]
[Round "5"]
[White "Selbekk, Vebjørn"]
[Black "Christoffersen, Odd"]
[Result "1-0"]
[WhiteElo "1931"]
[BlackElo "1709"]
[PlyCount "73"]
[EventDate "2024.??.??"]

1. Nf3 d5 2. g3 Nf6 3. Bg2 g6 4. O-O Bg7 5. d3 O-O 6. Nbd2 Re8 7. e4 dxe4 8.
dxe4 e5 9. Qe2 Bg4 10. h3 Bxf3 11. Nxf3 Nbd7 12. Rd1 c6 13. Ne1 Qc7 14. Be3 Bf8
15. Nd3 b6 16. a4 Nh5 17. Qd2 Ng7 18. a5 Ne6 19. Qc3 c5 20. f4 f6 21. Qc4 Kg7
22. c3 Rac8 23. h4 Qc6 24. fxe5 fxe5 25. axb6 axb6 26. Ra7 Rc7 27. Rxc7 Nxc7
28. Rf1 Nf6 29. Bg5 b5 30. Qa2 Ra8 31. Nxe5 Rxa2 32. Nxc6 Nfe8 33. Rf2 Ne6 34.
Be3 Nd6 35. e5 Nf5 36. Bd5 Nc7 37. Bxa2
1-0

[Event "Bergens SK Vårturnering 2024"]
[Site "Bergens Schakklub"]
[Date "2024.02.13"]
[Round "6"]
[White "Larsen, Stig Børje"]
[Black "Christoffersen, Odd"]
[Result "1/2-1/2"]
[WhiteElo "1785"]
[BlackElo "1709"]
[PlyCount "131"]
[EventDate "2024.??.??"]

1. d4 Nf6 2. Nc3 d5 3. Bf4 e6 4. e3 Bd6 5. Nf3 O-O 6. Bd3 c5 7. dxc5 Bxc5 8.
O-O a6 9. Ne5 Nc6 10. Qf3 Re8 11. a3 Nxe5 12. Bxe5 Nd7 13. Bg3 Qf6 14. Qh5 g6
15. Qe2 Ne5 16. Rad1 Bd7 17. Qd2 Bc6 18. Ne2 Nxd3 19. cxd3 Rac8 20. d4 Bf8 21.
Rc1 Bb5 22. Rfe1 Bxe2 23. Rxe2 Qe7 24. Qd1 Rc6 25. Rxc6 bxc6 26. Rc2 Qb7 27.
Qc1 Rc8 28. b4 Qb5 29. f3 a5 30. bxa5 Qxa5 31. Rxc6 Rxc6 32. Qxc6 Qxa3 33. Bf4
Qe7 34. Qc8 Kg7 35. g4 h6 36. Kg2 Kh7 37. h4 Bg7 38. Kh3 g5 39. Bg3 Bf6 40. h5
Kg7 41. Qc7 Qxc7 42. Bxc7 Be7 43. e4 f6 44. Kg3 Kf7 45. Kf2 Bf8 46. Ke3 Ke7 47.
Bb6 Kd7 48. f4 dxe4 49. Kxe4 gxf4 50. Kxf4 Ke8 51. Ke4 Kf7 52. Bc7 Be7 53. Bf4
Kg7 54. d5 exd5+ 55. Kxd5 Bb4 56. Ke6 Bc3 57. Be3 Bb2 58. Kf5 Bc3 59. Ke4 Bb4
60. g5 fxg5 61. Kf5 Be7 62. Bd4+ Kh7 63. Be5 Bf8 64. Bf6 Bb4 65. Bxg5 hxg5 66.
Kxg5
1/2-1/2

[Event "Bergens SK Vårturnering 2024"]
[Site "Bergens Schakklub"]
[Date "2024.02.13"]
[Round "6"]
[White "Leirvåg, Simen"]
[Black "Myny, Sigur H"]
[Result "1-0"]
[WhiteElo "1804"]
[BlackElo "1830"]
[PlyCount "77"]
[EventDate "2024.??.??"]

1. e4 c6 2. d4 d5 3. e5 c5 4. c3 Nc6 5. Na3 Bf5 6. Bd3 Bxd3 7. Qxd3 e6 8. Nc2
Qb6 9. a3 cxd4 10. cxd4 Na5 11. b4 Nc4 12. Nf3 Ne7 13. O-O Rc8 14. Ne3 Qc7 15.
Nd2 b5 16. f4 Nxe3 17. Qxe3 a6 18. Bb2 Qc2 19. Rab1 Nf5 20. Qe2 Qa4 21. g4 Nh6
22. f5 Be7 23. f6 gxf6 24. exf6 Bd6 25. h3 Kd7 26. Qe3 Ng8 27. Nb3 Rc4 28. Rf3
Rc2 29. Qg5 Bf8 30. Nc5+ Rxc5 31. dxc5 Qc2 32. Rff1 Nh6 33. c6+ Kc8 34. Qe3 Bd6
35. Be5 Nxg4 36. hxg4 Bxe5 37. Qxe5 Rg8 38. Qf4 Qe2 39. Rf3
1-0